|
000
|
00728nam0 2200229 450
|
|
001
|
CAL 01010033326
|
|
005
|
20121010141012.2
|
|
010
|
|
@a978-7-304-05633-9@dCNY30.00
|
|
100
|
|
@a20121010d2012 em y0chiy0121 ea
|
|
101
|
0
|
@achi
|
|
102
|
|
@aCN@b110000
|
|
105
|
|
@ay z 000yy
|
|
106
|
|
@ar
|
|
200
|
1
|
@a品文解字@Apin wen jie zi@f张港著
|
|
210
|
|
@a北京@c中央广播电视大学出版社@d2012.07
|
|
215
|
|
@a193页@d23cm
|
|
330
|
|
@a本书共分八章, 内容包括不写错字 ; 不读错音 ; 用好汉字 ; 细语成语 ; 刨根问底 ; 语文探秘 ; 名字趣说 ; 写作考试。
|
|
606
|
0
|
@a汉语@Ahan yu@x基本知识
|
|
690
|
|
@aH1@v5
|
|
701
|
0
|
@a张港,@Azhang gang@f1951-@4著
|
|
801
|
0
|
@aCN@bRENTIAN@c20121010
|
|
905
|
|
@aCKNYKJZYXY@b300513271-3@dH1@e679@f3
|
|
|
|
|
| |
| 品文解字/张港著.-北京:中央广播电视大学出版社,2012.07 |
| 193页;23cm |
| |
| |
| ISBN 978-7-304-05633-9:CNY30.00 |
| 本书共分八章, 内容包括不写错字 ; 不读错音 ; 用好汉字 ; 细语成语 ; 刨根问底 ; 语文探秘 ; 名字趣说 ; 写作考试。 |
| ● |
正题名:品文解字
索取号:H1/679
 
预约/预借
| 序号
|
登录号
|
条形码
|
馆藏地/架位号
|
状态
|
备注
|
|
1
|
513271
|
300513271
|
海科密-1楼/26架7列4层/
[索取号:H1/679]
|
在馆
|
|
|
2
|
513272
|
300513272
|
柳城-3楼/15架2列2层/
[索取号:H1/679]
|
在馆
|
|
|
3
|
513273
|
300513273
|
柳城-3楼/15架2列2层/
[索取号:H1/679]
|
在馆
|
|